Score 0/20 Timer 04:00
0 Plays Today
Song Title Missing Word % Correct
Won't Get Fooled ____Again
95.8%
(I Can't Get No) ____Satisfaction
93.3%
When The Going Gets ____, the ____ Get GoingTough
92.9%
Don't ____ 'Til You Get EnoughStop
92.6%
Can't Get Enough of Your ____, BabeLove
92.2%
Things Can Only Get ____ Better
92%
Get the ____ StartedParty
89.8%
____ Get It OnLet's
86.5%
Can't Get You Out of My ____Head
83.9%
Get It ____ You CanWhile
83.4%
Song Title Missing Word % Correct
____ and Get ItCome
79%
Get ____Back
75.2%
Get ____ TonightDown
71.7%
I Get ____ Around
70.3%
Bang a ____ (Get It On)Gong
67.4%
____ Can't Get EnoughJust
65.3%
Can't Get ____ from HereThere
60.9%
Gotta Get ____Away
43.5%
You Get What You ____Give
41.3%
Get ____ Lucky
38.2%

Today's Daily Dose

Remove Ads.
Support Sporcle.
Get the best of Sporcle when you Go Orange. This ad-free experience offers more features, more stats, and more fun while also helping to support Sporcle. Thank you for becoming a member.

You're not logged in!

Compare scores with friends on all Sporcle quizzes.
OR
Log In

Show Comments

Extras

Top Quizzes Today


Score Distribution

Your Account Isn't Verified!

In order to create a playlist on Sporcle, you need to verify the email address you used during registration. Go to your Sporcle Settings to finish the process.

Report this User

Report this user for behavior that violates our Community Guidelines.

Details: